000 00429nmm a2200157Ia 4500
008 251105s9999||||xx |||||||||||||||||und||
041 _aspa
100 _aPardo Bazán, Emilia
245 0 _aCuentos sacroprofanos
264 _a[Madrid, España] :
_bLinkgua,
_c2017
300 _a189 páginas
490 _aNarrativa
650 _aSpanish narrative
856 _uhttps://public.digitaliapublishing.com/a/55262
942 _cCF
999 _c100103
_d100103